Paro forzoso y capital / (Record no. 127578)

MARC details
000 -LEADER
campo de control de longitud fija 00749nam a2200217 4500
001 - NÚMERO DE CONTROL
campo de control 127578
003 - IDENTIFICADOR DE NÚMERO DE CONTROL
campo de control ES-MaACL
005 - FECHA Y HORA DE LA ÚLTIMA TRANSACCIÓN
campo de control 20250902222335.0
007 - CAMPO FIJO DE DESCRIPCIÓN FÍSICA--INFORMACIÓN GENERAL
campo de control de longitud fija t|
008 - DATOS DE LONGITUD FIJA--INFORMACIÓN GENERAL
campo de control de longitud fija 070214e1935 sp r ||||1| spa d
100 1# - ENTRADA PRINCIPAL--NOMBRE DE PERSONA
Nombre de persona Rittershausen, Heinrich
9 (RLIN) 241158
Término indicativo de función/relación Autor
245 10 - MENCIÓN DEL TÍTULO
Título Paro forzoso y capital /
Mención de responsabilidad, etc. Heinrich Rittershausen ; traducción directa del alemán y revisión por Rafael Luengo Tapia y Nicolás Floristán.
260 ## - PUBLICACIÓN, DISTRIBUCIÓN, ETC.
Lugar de publicación, distribución, etc. Barcelona :
Nombre del editor, distribuidor, etc. Labor,
Fecha de publicación, distribución, etc. 1935.
300 ## - DESCRIPCIÓN FÍSICA
Extensión XIX, 291 páginas ;
Dimensiones 23 x 15 cm.
650 #7 - PUNTO DE ACCESO ADICIONAL DE MATERIA--TÉRMINO DE MATERIA
Término de materia o nombre geográfico como elemento de entrada Paro
Fuente del encabezamiento o término embne
9 (RLIN) 15844
700 1# - ENTRADA AGREGADA--NOMBRE PERSONAL
Nombre de persona Luengo Tapia, Rafael
9 (RLIN) 74639
Término indicativo de función/relación Traductor
700 1# - ENTRADA AGREGADA--NOMBRE PERSONAL
Nombre de persona Floristán, Nicolás
9 (RLIN) 51341
Término indicativo de función/relación Traductor
852 ## - LOCALIZACIÓN
Ubicación ES-MaACL
Ubicación en estantería Sala Pecera Planta 1
Número de control de estantería A-3304
942 ## - ELEMENTOS DE ENTRADA SECUNDARIOS (KOHA)
Fuente del sistema de clasificación o colocación Clasificación decimal universal
Tipo de ítem Koha Libro impreso
Suprimir en OPAC No
Holdings
Estatus retirado Estado de pérdida Estado de daño No para préstamo Biblioteca de origen Biblioteca actual Ubicación en estantería Fecha de adquisición Fuente de adquisición Total de préstamos Signatura topográfica completa Código de barras Visto por última vez Precio de reemplazo Tipo de ítem Koha
        Biblioteca del Ateneo de Madrid Biblioteca del Ateneo de Madrid Sala Pecera Planta 1 17/01/2008     A-3304 1132877 23/02/2023 23/02/2023 Libro impreso